|
|
|
|
| LEADER |
00000nam0a2200000 4500 |
| 001 |
127999 |
| 005 |
20231101220105.0 |
| 020 |
|
|
|a RU
|b 84-37873
|
| 035 |
|
|
|a (RuTPU)RU\TPU\book\138453
|
| 090 |
|
|
|a 127999
|
| 100 |
|
|
|a 20071222d1984 km y0rusy5003 ca
|
| 101 |
0 |
|
|a rus
|
| 102 |
|
|
|a RU
|
| 105 |
|
|
|a a z 001zy
|
| 200 |
1 |
|
|a Проветривание геологоразведочных выработок
|f А. И. Кабанцев, В. Х. Ахмет, Е. Т. Воронов
|
| 210 |
|
|
|a Москва
|c Недра
|d 1984
|
| 215 |
|
|
|a 184 с.
|c ил.
|
| 320 |
|
|
|a Библиогр.: с.181-182.
|
| 606 |
|
|
|a Проветривание
|x После взрывных работ
|2 stltpush
|3 (RuTPU)RU\TPU\subj\51747
|9 70312
|
| 610 |
1 |
|
|a горное дело
|
| 610 |
1 |
|
|a вентиляция
|
| 610 |
1 |
|
|a вентиляционные установки
|
| 610 |
1 |
|
|a вентиляционные системы
|
| 610 |
1 |
|
|a геологоразведочные выработки
|
| 675 |
|
|
|a 622.457
|z rus
|
| 700 |
|
1 |
|a Кабанцев
|b А. И.
|g Александр Иванович
|4 070
|
| 701 |
|
1 |
|a Ахмет
|b В. Х.
|g Валей Хамза
|
| 701 |
|
1 |
|a Воронов
|b Е. Т.
|g Евгений Тимофеевич
|
| 801 |
|
0 |
|a RU
|b RuMRKP
|c 19950704
|g psbo
|
| 801 |
|
1 |
|a RU
|b 63413507
|c 20071222
|g PSBO
|
| 801 |
|
2 |
|a RU
|b 63413507
|c 20180228
|g PSBO
|
| 942 |
|
|
|c BK
|